Od filozofie práva k politickej ekonómii: Marxovo myslenie v rokoch 1842 - 1844
Vývoj Marxovej kritiky politickej ekonómie v rokoch 1842-1844. Kľúčové kategórie a úroveň príslušných disciplín, ktorým tieto kategórie zodpovedajú. Úvahy v rovine sociálnej a politickej filozofie. Analýzy Marxových publicistických článkov.
Salvato in:
| Autore principale: | |
|---|---|
| Natura: | Capitolo di libro |
| Lingua: | slovacco |
| Soggetti: | |
| Tags: |
Nessun Tag, puoi essere il primo ad aggiungerne!!
|
MARC
| LEADER | 00000naa$a2200000$$$4500 | ||
|---|---|---|---|
| 001 | 0114314 | ||
| 005 | 20231121102129.8 | ||
| 041 | 0 | |a slo | |
| 044 | |a SK | ||
| 245 | 1 | 0 | |a Od filozofie práva k politickej ekonómii: Marxovo myslenie v rokoch 1842 - 1844 |c Marián Halás |
| 520 | |a Vývoj Marxovej kritiky politickej ekonómie v rokoch 1842-1844. Kľúčové kategórie a úroveň príslušných disciplín, ktorým tieto kategórie zodpovedajú. Úvahy v rovine sociálnej a politickej filozofie. Analýzy Marxových publicistických článkov. | ||
| 610 | 2 | 0 | |a filozofia |
| 610 | 2 | 0 | |a metodológia |
| 610 | 2 | 0 | |a právo |
| 610 | 2 | 0 | |a ekonómia politická marxistická |
| 610 | 2 | 0 | |a ekonómia politická |
| 100 | 1 | |a Halás, Marián | |